Asian Countries without Vowels - Statistics

General Stats
  • This quiz has been taken 1,360 times
    1,359 since last reset
  • The average score is 44 of 48
Answers on the Map
Answers color-coded by a green-red scale on the quiz's map according to % correct below.
 
Answer Stats
Country % Correct
China
98%
India
98%
Oman
97%
Iran
96%
Japan
96%
Israel
95%
Mongolia
95%
North Korea
95%
South Korea
95%
Indonesia
94%
Iraq
94%
Laos
94%
Nepal
94%
Pakistan
94%
Turkey
94%
Vietnam
94%
Yemen
94%
Saudi Arabia
93%
Thailand
93%
Afghanistan
92%
Bangladesh
92%
Cambodia
92%
Jordan
92%
Myanmar
92%
Syria
92%
Bhutan
91%
Malaysia
91%
Qatar
91%
Sri Lanka
91%
Taiwan
91%
Armenia
90%
Georgia
90%
Kuwait
90%
Turkmenistan
90%
Uzbekistan
90%
Azerbaijan
89%
Lebanon
89%
Singapore
89%
Bahrain
88%
Cyprus
88%
Kazakhstan
88%
Tajikistan
88%
Philippines
87%
United Arab Emirates
87%
Brunei
84%
Timor Leste
84%
Maldives
83%
Kyrgyzstan
82%
No matching quizzes found
Score Distribution
Percent of People with Each Score
Percentile by Number Answered
Your Score History
You have not taken this quiz since the last reset